Catálogo

El compromiso racionalista. / (Registro nro. 16052)

Detalles MARC
000 -LEADER
fixed length control field 00685nam a2200229 a 4500
001 - CONTROL NUMBER
control field 16052
005 - DATE AND TIME OF LATEST TRANSACTION
control field 20180713204857.0
008 - FIXED-LENGTH DATA ELEMENTS--GENERAL INFORMATION
fixed length control field 140415s1991 mx 000 0 spa d
020 ## - INTERNATIONAL STANDARD BOOK NUMBER
International Standard Book Number 9682306728
041 ## - LANGUAGE CODE
Language code of text/sound track or separate title spa
082 0# - DEWEY DECIMAL CLASSIFICATION NUMBER
Classification number 149.7
Item number BAC
100 1# - MAIN ENTRY--PERSONAL NAME
Personal name Bachelard, Gaston
245 10 - TITLE STATEMENT
Title El compromiso racionalista. /
Statement of responsibility, etc. Gaston Bachelard, traducción de Hugo Beccacece.
250 ## - EDITION STATEMENT
Edition statement 6a ed.
260 ## - PUBLICATION, DISTRIBUTION, ETC.
Place of publication, distribution, etc. México :
Name of publisher, distributor, etc. Siglo veintiuno editores,
Date of publication, distribution, etc. 1991.
300 ## - PHYSICAL DESCRIPTION
Extent 179 páginas ;
Dimensions 21 cm.
336 ## - CONTENT TYPE
Content type term texto
Source rdacontent
337 ## - MEDIA TYPE
Media type term sin mediación
Source rdamedia
338 ## - CARRIER TYPE
Carrier type term volumen
Source rdacarrier
650 #4 - SUBJECT ADDED ENTRY--TOPICAL TERM
Topical term or geographic name entry element Racionalismo
700 1# - ADDED ENTRY--PERSONAL NAME
Personal name Beccacece, Hugo
Relator term traductor
Existencias
Withdrawn status Lost status Source of classification or shelving scheme Damaged status Not for loan Collection code Home library Current library Shelving location Date acquired Source of acquisition Inventory number Total Checkouts Full call number Barcode Date last seen Price effective from Koha item type
    Dewey Decimal Classification     General Biblioteca Karol Wojtyla Biblioteca Karol Wojtyla Sala general 03/12/2013 Compra 151000000000000000061069   149.7 BAC 33769 05/01/2026 13/06/2016 Libro
    Dewey Decimal Classification     General Centro de Estudios en Ciencia y Religión Centro de Estudios en Ciencia y Religión Sala general 09/02/2015 Compra 151000000000000000077950   149.7 BAC 1973 93444 05/01/2026 20/11/2015 Libro